|
|
|
|
| LEADER |
01437nam a22003972i 4500 |
| 001 |
001525098 |
| 003 |
CZ BrMZK |
| 005 |
20160912142046.0 |
| 007 |
ta |
| 008 |
160509s1990 xo a brf||||||||||slo d |
| 040 |
|
|
|a ABA001
|b cze
|c ABA001
|d ABA001
|d BOA001
|e rda
|
| 072 |
|
7 |
|a 59
|x Zoologie
|2 Konspekt
|9 2
|
| 072 |
|
7 |
|a 0/9-053.2
|x Literatura pro děti a mládež (naučná)
|2 Konspekt
|9 26
|
| 080 |
|
|
|a 592/599
|2 MRF
|
| 080 |
|
|
|a (0.062)
|2 MRF
|
| 080 |
|
|
|a (0.053.2)
|2 MRF
|
| 100 |
1 |
|
|a Hensel, Karol,
|d 1939-2020
|7 jn20000602887
|4 aut
|
| 245 |
1 |
0 |
|a Vtáka poznáš po perí, vlka po kožuchu, alebo, O zvieracej móde /
|c Karol Hensel ; ilustrácie Pavel Dvorský
|
| 246 |
3 |
0 |
|a O zvieracej móde
|
| 250 |
|
|
|a 2. vydanie
|
| 264 |
|
1 |
|a Bratislava :
|b Mladé letá,
|c 1990
|
| 300 |
|
|
|a 48 stran :
|b ilustrace ;
|c 4°
|
| 336 |
|
|
|a text
|b txt
|2 rdacontent
|
| 337 |
|
|
|a bez média
|b n
|2 rdamedia
|
| 338 |
|
|
|a svazek
|b nc
|2 rdacarrier
|
| 490 |
1 |
|
|a Klub mladých čitateľov
|
| 521 |
8 |
|
|a Pro čtenáře od 6 let
|
| 650 |
0 |
7 |
|a zvířata
|7 ph116793
|2 czenas
|
| 655 |
|
7 |
|a populárně-naučné publikace
|7 fd131864
|2 czenas
|
| 655 |
|
7 |
|a publikace pro děti
|7 fd133156
|2 czenas
|
| 700 |
1 |
|
|a Dvorský, Pavel,
|d 1946-
|7 jn19981000825
|4 ill
|
| 830 |
|
0 |
|a Klub mladých čitateľov
|
| 910 |
|
|
|a BOA001
|b M3-0950.740
|
| 990 |
|
|
|a BK
|
| 991 |
|
|
|b 201605
|
| 996 |
7 |
|
|b 2619149877
|c M3-0950.740
|l MZK
|r Sklad / do 24 hodin
|n 0
|w 001560228
|u 000010
|a 1
|e BOA001
|j MZK50
|s A
|